Жизнь, отданная политехническому: о Петре Егоровиче Богданове; Томский политехник; Вып. 9

Bibliographische Detailangaben
Parent link:Томский политехник: ежегодный журнал/ Томский политехнический университет (ТПУ), Ассоциация выпускников.— , 1995-
Вып. 9.— 2003.— [С. 179-180]
1. Verfasser: Чайковская О.
Zusammenfassung:Заглавие с титульного листа
Электронная версия печатной публикации
Sprache:Russisch
Veröffentlicht: 2003
Schriftenreihe:Памяти товарища
Schlagworte:
Online-Zugang:Цветная версия без потери качества
Format: MixedMaterials Elektronisch Buchkapitel
KOHA link:https://koha.lib.tpu.ru/cgi-bin/koha/opac-detail.pl?biblionumber=198663

MARC

LEADER 00000nla2a2200000 4500
001 198663
005 20231031184050.0
035 |a (RuTPU)RU\TPU\book\216675 
035 |a RU\TPU\book\216668 
090 |a 198663 
100 |a 20110705d2003 km y0rusy50 ca 
101 0 |a rus 
102 |a RU 
135 |a drnn ---uucaa 
181 0 |a i  
182 0 |a b 
200 1 |a Жизнь, отданная политехническому  |b Электронный ресурс  |e о Петре Егоровиче Богданове  |f О. Чайковская 
203 |a Текст  |c электронный 
215 |a 1 файл (4.1 Мб) 
225 1 |a Памяти товарища 
230 |a Электронные текстовые данные (1 файл : 4.1 Мб) 
300 |a Заглавие с титульного листа 
300 |a Электронная версия печатной публикации 
337 |a Adobe Reader 
461 1 |0 (RuTPU)RU\TPU\book\202435  |t Томский политехник  |o ежегодный журнал  |f Томский политехнический университет (ТПУ), Ассоциация выпускников  |d 1995- 
463 1 |0 (RuTPU)RU\TPU\book\216513  |t Вып. 9  |v [С. 179-180]  |d 2003  |p 183 с. 
600 1 |a Богданов  |b П. Е.  |c российский ученый, химик  |c выпускник Томского политехнического института  |f 1925-2003  |g Петр Егорович  |c проректор ТПИ по учебной работе  |y Томск  |2 stltpush  |3 (RuTPU)RU\TPU\pers\20306 
601 0 2 |a Томский политехнический институт (ТПИ)  |c (1944-1991)  |2 stltpush  |3 (RuTPU)RU\TPU\col\1123 
610 1 |a проректоры 
610 1 |a российские ученые 
610 1 |a химики 
610 1 |a выпускники ТПУ 
610 1 |a биографии 
610 1 |a электронный ресурс 
700 1 |a Чайковская  |b О. 
801 1 |a RU  |b 63413507  |c 20101101 
801 2 |a RU  |b 63413507  |c 20111031  |g RCR 
856 4 |u http://www.lib.tpu.ru/fulltext/v/Tomsk_polytechnic/2003/N9a26_full.pdf  |z Цветная версия без потери качества 
942 |c CF